000 01588cam a2200361 a 4500
001 2093
003 FISKH
005 20231110090842.0
008 120821s2013 nyu c 000 1 eng
010 _a 2012028753
020 _a9780316219945 (hardback)
020 _a9780545679466
040 _aDLC
_cDLC
_dDLC
_beng
042 _apcc
_alcac
050 0 0 _aPZ7.C458
_bPl 2013
082 0 0 _a813.54
_223
100 1 _aChristopher, Matt,
_d1917-1997.
245 1 0 _aPlay ball! /
_cby Matt Christopher.
250 _aFirst Scholastic printing, January 2014
260 _aNew York :
_bScholastic,
_c2013.
300 _a218 pages ;
_c20 cm
490 0 _aLittle league baseball
505 _aR
520 _a"Eleven-year-old cousins who are closer than most brothers, catcher Liam McCarthy and pitcher Carter Jones grew up playing baseball together. Now, their team is on the verge of winning the greatest championship of all: the Little League Baseball World Series. To reach the title match, however, they must first beat their number one rivals from Southern California. Little do they know that the game will prove to be just the first challenge they'll face on their road to the championships"--
521 8 _a700
_bLexile estimate
521 8 _aR
_bRaz-Plus
650 1 _aBaseball
_vFiction.
650 1 _aCousins
_vFiction.
650 7 _aJUVENILE FICTION / Sports & Recreation / Baseball & Softball.
_2bisacsh
650 7 _aJUVENILE FICTION / Sports & Recreation / General.
_2bisacsh
906 _a7
_bcbc
_corignew
_d1
_eecip
_f20
_gy-gencatlg
942 _2ddc
_cBK
_n0
999 _c2093
_d2093